000 00598nam a22002177a 4500
999 _c16763
_d16763
003 OSt
005 20180326091011.0
008 180326b xxu||||| |||| 00| 0 eng d
020 _a9780130481191
040 _cKABU
050 _aBF 81
_b.B73 2002 C.1
100 _aBrennan, F. James
245 _aHistory and Systems of Psychology
_cJames F. Brennan
250 _a6th ed.
260 _aNew Jersey:
_bPrentice Hall,
_c2002
300 _ax, 358 p.
650 _aPsychology
_vHistory
650 _aPsychology
_vHistory
_x20th century
650 _aPsychology
_vPhilosophy
942 _2lcc
_cBK